Management report : improvements needed in IRS's internal controls.

Bibliographic Details
Main Author: Sebastian, Steven J.
Corporate Authors: ProQuest (Firm), United States. Government Accountability Office
Format: Government Document eBook
Language:English
Published: Washington, DC : U.S. Government Accountability Office, [2006]
Series:U.S. Congressional Research.
Subjects:
Online Access:Connect to the full text of this electronic book

MARC

Tag First Indicator Second Indicator Subfields
LEADER 00000cam a22000001a 4500
001 in00003348331
006 m d f
007 cr bn mmmapmmp
008 110210s2006 dcu ob f000 0 eng d
005 20260430152214.6
035 |a cis2007806474 
040 |a ProQuest  |c ProQuest  |d UtOrBLW 
042 |a pcc 
043 |a n-us--- 
074 |a 0545-A-04 (online) 
086 0 |a GA 1.41:GAO-06-543 R 
088 |a GAO-06-543 R 
099 |a CMP-2006-GAO-0571 
100 1 |a Sebastian, Steven J. 
245 1 0 |a Management report :  |b improvements needed in IRS's internal controls. 
246 3 |a Management report :  |b improvements needed in Internal Revenue Service's internal controls 
246 3 0 |a Improvements needed in IRS's internal controls 
246 1 7 |a IRS management report 
264 1 |a Washington, DC :  |b U.S. Government Accountability Office,  |c [2006] 
300 |a 1 online resource. 
336 |a text  |b txt  |2 rdacontent 
337 |a computer  |b c  |2 rdamedia 
338 |a online resource  |b cr  |2 rdacarrier 
500 |a Record is based on bibliographic data in ProQuest U.S. Congressional Research Digital Collection. Reuse except for individual research requires license from ProQuest, LLC. 
504 |a Includes bibliographical references. 
500 |a Electronic resource. 
610 1 0 |a United States.  |b Internal Revenue Service  |x Auditing. 
610 1 0 |a United States.  |b Internal Revenue Service  |x Management. 
655 7 |a Electronic books.  |2 local 
710 2 |a ProQuest (Firm) 
710 1 |a United States.  |b Government Accountability Office. 
776 0 8 |i Print version:   |t Management report 
776 0 8 |i Microfiche version:   |t Management report.  |d [Bethesda, Md.] : ProQuest,[2004]  |o CIS 2009 J942-141  |w (ProQuest)cis200902232 
830 0 |a U.S. Congressional Research. 
856 4 0 |u http://proxy.library.tamu.edu/login?url=https://congressional.proquest.com/congcomp/getdoc?CRDC-ID=CMP-2006-GAO-0571  |z Connect to the full text of this electronic book  |t 0 
998 |a cis200902232 
999 |a MARS 
999 f f |s 3638db0e-94c9-35d7-8102-9feea065f40e  |i 830308c5-669a-3cf2-a7ef-6ab32c220356  |t 0 
952 f f |a Texas A&M University  |b College Station  |c Electronic Resources  |s www_evans  |d Available Online  |t 0  |e CMP-2006-GAO-0571  |h Other scheme 
998 f f |a CMP-2006-GAO-0571  |t 0  |l Available Online